| 000 | 00810cam a2200217 4500 | ||
|---|---|---|---|
| 001 | 6108 | ||
| 010 | _a9722013963 | ||
| 021 | _b111891/97 | ||
| 090 | _a6108 | ||
| 100 | _a19970314d1997 m y0pory5003 ba | ||
| 200 | 1 |
_aCafé República _eFolhetim do mundo vivido em Vila Velha _e1914-1945 _fÁlvaro Guerra |
|
| 205 | _a5ª ed | ||
| 210 | 9 |
_aLisboa _cDom Quixote, _d1997 |
|
| 215 | _a247 p. | ||
| 225 | 2 | _aAutores de língua portuguesa | |
| 330 | _aCafé República - folhetim do mundo vivido em Vila Velha, compõe um fresco sobre a vida portuguesa do período das duas Guerras abarcando os mais importantes acontecimentos nacionais e mundiais de 1914 a 1945 | ||
| 675 |
_a821.134.3-31 _vPT _zpor |
||
| 700 | 1 |
_aGuerra, _bÁlvaro, _f1936-2002 |
|
| 801 | 0 |
_aPT _bBMVN _gRPC |
|
| 830 |
_cCéu Baptista _d31.12.2021 |
||
| 990 | _cLIVROS | ||